Common wealth : economics for a crowded planet (Record no. 133826)

MARC details
000 -LEADER
fixed length control field 00541nam a2200193Ia 4500
008 - FIXED-LENGTH DATA ELEMENTS--GENERAL INFORMATION
fixed length control field 191130s2009##################000#0#eng##
020 ## - INTERNATIONAL STANDARD BOOK NUMBER
ISBN 9780141026152
082 ## - DEWEY DECIMAL CLASSIFICATION NUMBER
Classification number 330.16 SAC
100 ## - MAIN ENTRY--AUTHOR NAME
Personal name Sachs, Jeffrey
245 ## - TITLE STATEMENT
Title Common wealth : economics for a crowded planet
Statement of responsibility, etc Jeffrey Sachs
260 ## - PUBLICATION, DISTRIBUTION, ETC. (IMPRINT)
Place of publication London
Name of publisher Penguin
Year of publication 2009
300 ## - PHYSICAL DESCRIPTION
Number of Pages xi, 386 p. ; 20 cm
650 ## - SUBJECT ADDED ENTRY--TOPICAL TERM
Topical Term Economic policy
Topical Term Sustainable development
991 ## -
-- 417655
Holdings
Withdrawn status Lost status Damaged status Not for loan Home library Current library Shelving location Date acquired Full call number Accession Number Price effective from Koha item type
        Anna Centenary Library Anna Centenary Library 4TH FLOOR, A WING 12.10.2020 330.16 SAC 411010 12.10.2020 English Books

Find us on the map